000 01065nam a2200289 a 4500
008
020 _a9781875574094 (paperback)
040 _aNUST
_cNUST
049 _aMAIN
090 _aRC672
_bKOW
100 1 _aKowalski, Robert E.,
_aauthor.
245 1 0 _a8 steps to a healthy heart :
_bthe complete guide to heart disease prevention and recovery from heart attack and bypass surgery/
_c Robert E Kowalski.
260 _aVictoria, Australia :
_bMargaret Gee,
_c1992.
300 _axvi, 417 pages :
_billustrations ;
_c20 cm.
336 _atext
_btxt
_2rdacontent
337 _aunmediated
_bn
_2rdamedia
338 _avolume
_bnc
_2rdacarrier
500 _aIncludes index.
650 1 _aHeart
_xDiseases
_vPopular works.
650 _aHeart diseases
_xPrevention
_vPopular works.
650 _aHeart diseases
_xPatients
_vRehabilitation.
650 _aHeart diseases
_xNutritional aspects
_vPopular works.
907 _a.b10410648
_b06-10-21
_c06-10-21
003
005 20230120204322.0
942 _cBOOKS
_kRC672
_mKOW
999 _c121079
_d121079